00605nam a22001931 450000100060000000300080000600500170001400800410003103500190007204000540009104100080014508200200015324500860017326000370025930000270029650400510032365000190037470000180039329697BD-RjUL20211209051440.0140406s1965 nyu b 001 0 eng d a(BD-RjUL)29782 aDLCcDNLMdODaWUdOCoLCdDGU-MdDLCdBD-RjULbeng aeng00a612.6bSEX 196510aSexual inversion :bthe multiple roots of homosexuality /cedited by Judd Marmor. aNew York :bBasic Books,cc1965. aviii, 358 p. ;c24 cm. aIncludes bibliographical references and index. 0aHomosexuality.1 aMarmor, Judd.